| 000 | 00661nam a2200205 a 4500 | ||
|---|---|---|---|
| 005 | 20251023063916.0 | ||
| 008 | 030211s1994 es r 000 0 spa d | ||
| 020 | _a8471973022 | ||
| 035 | _aUPN01000121868 | ||
| 049 | _aCG | ||
| 050 | 4 |
_aLB2932 _bO7.4 |
|
| 245 | 0 | 0 |
_aOrganización de Centros Educativos : _baspectos básicos / _ccoord. Joaquín Gairín Sallán. |
| 260 |
_aBarcelona, Esp. : _bPraxis, _c1994. |
||
| 300 |
_a405 p. : _bdiagrs. |
||
| 440 | 0 | _aPraxis universidad | |
| 650 | 4 |
_aAdministración educativa _9498 |
|
| 650 | 4 |
_aESCUELAS - _xDIRECCION Y ORGANIZACION - _zESPAÑA _97417 |
|
| 700 | 1 |
_aGairín Sallán, Joaquín, _ecoord. |
|
| 905 | _aLibro | ||
| 999 |
_c94081 _d94081 |
||